Literature and the world
Gespeichert in:
| 1. Verfasser: | |
|---|---|
| Format: | Buch |
| Sprache: | Englisch |
| Veröffentlicht: |
Routledge
2020
|
| Tags: |
Tag hinzufügen
Keine Tags, Fügen Sie den ersten Tag hinzu!
|
MARC
| LEADER | 00000nam a22000007a 4500 | ||
|---|---|---|---|
| 008 | 230727b |||||||| |||| 00| 0 eng d | ||
| 020 | |a 9780815384656HEL | ||
| 100 | |a HELGESSON, Stefan |a Thomas, Meds Rosendall | ||
| 245 | |a Literature and the world |c Stefan Helgesson and Mads Rosendahl Thompson |g vi,174p | ||
| 260 | |b Routledge |c 2020 |h London |i 700046 |i 700047 |l PN56.H36 |m Literature-History and criticism |m Literature and globalization | ||
| 500 | |a It Includes bibliographical references and index | ||
| 942 | |a lcc |c BK |e Johnson |f 27/0/23 | ||
| 952 | |0 0 |1 0 |2 lcc |4 0 |6 PN0056 G55 H36 |7 0 |9 4303 |a ART |b HOL |c LP |d 2023-07-27 |l 0 |o PN56.G55H36 |p 2023-0229 |r 2023-07-27 00:00:00 |t 700046 |w 2023-07-27 |y BK | ||
| 952 | |0 0 |1 0 |2 lcc |4 0 |6 PN0056 G55 H36 |7 0 |9 4304 |a HOL |b HOL |c LP |d 2023-07-27 |l 0 |o PN56.G55H36 |p 2023-0230 |r 2023-07-27 00:00:00 |t 700047 |w 2023-07-27 |y BK | ||
| 999 | |c 2162 |d 2162 | ||